Statistiques concernant Religion en Russie

Cliquez ici pour prendre le quiz!

Statistiques générales

  • Ce quiz a été pris 315 fois
    (278 depuis la dernière actualisation)
  • Le résultat moyen est 2 sur 6

Statistiques - réponses

PourcentageReligions% Correct
6,2Islam
89%
41,1Orthodoxe
83%
13Athéisme
23%
25,2Aucune
4%
6,6Autres chrétiens
2%
2,4Autres religions
2%

Distribution des résultats

Percentile par nombre de réponses

% des personnes avec chaque résultat

Votre développement - résultats

Vous n’avez pas pris ce quiz depuis la dernière actualisation